000
00208nam a2200097Ia 4500
008
240331s9999 xx 000 0 und d
082
_b
SAN
100
_a
Sankarappillai, P
245
0
_a
Naam thamilar
942
_c
L
999
_c
2024
_d
2024